| 000 | 00395nam a2200145 a 4500 | ||
|---|---|---|---|
| 005 | 20140414093847.0 | ||
| 008 | 110221s19uu xx uuu eng d | ||
| 050 |
_aCT 495.1 _bM47 1999 |
||
| 100 | _aMeek, Catherine | ||
| 245 |
_aJust listen 'n learn : _bChinese / _cCatherine Meek. |
||
| 260 |
_aUSA : _bPassport books, _c1999. |
||
| 650 | _aChinese language | ||
| 942 | _cAVM | ||
| 999 |
_c109698 _d109698 |
||